| 000 | 00804cam a22002535a 4500 | ||
|---|---|---|---|
| 001 | 3481585 | ||
| 005 | 20171225142002.0 | ||
| 008 | 931201t1993 ja a frb 001 0 eng d | ||
| 020 | _a4130470582 | ||
| 020 | _a0860084922 | ||
| 040 |
_aDLC _cDLC _dDLC _dEG-ScBUE _beng |
||
| 043 | _aa-ja--- | ||
| 082 | 0 | 4 |
_a336.52 _222 _bJAP |
| 245 | 0 | 0 |
_aJapan's public sector : _bhow the government is financed / _cedited by Tokue Shibata. |
| 260 |
_a[Tokyo] : _bUniversity of Tokyo Press, _cc.1993. |
||
| 300 |
_axiv, 210 p. : _bill. ; _c23 cm. |
||
| 504 | _aIncludes bibliographical references and index. | ||
| 541 | _aDonation from Japan Foundation. | ||
| 650 | 7 |
_aFinance, Public _zJapan. _2BUEsh |
|
| 651 | _2BUEsh | ||
| 653 |
_bGGEN _cDecember2017 |
||
| 700 | 1 |
_aShibata, Tokue, _d1924- _eeditor. |
|
| 942 | _2ddc | ||
| 999 |
_c25798 _d25770 |
||